| 000 | 00956nam a2200253Ia 4500 | ||
|---|---|---|---|
| 003 | OSt | ||
| 005 | 20220930190136.0 | ||
| 006 | a|||||r|||| 00| 0 | ||
| 007 | ta | ||
| 008 | 220926b |||||||| |||| 00| 0 hin d | ||
| 020 |
_a8188125040 (hbk) _c190 |
||
| 024 | _a1399 | ||
| 037 |
_b351, 02/03/2010, Swaraj Prakashan _cTextbook |
||
| 040 |
_aCRL _cCRL _bhin |
||
| 041 |
_2hin _ahin |
||
| 082 | _aP1520aW94, 152P2;P8 | ||
| 100 | _aविष्णु प्रभाकर | ||
| 245 | 0 | _aराष्ट्रीय एकता और हिन्दी | |
| 246 | _aBhāratīya sinemā: sinemā, desh - kāl aur samāj - ek adhyayana | ||
| 260 |
_aनई दिल्ली, _bजगतराम एण्ड सन्स, भारत _c2008 |
||
| 300 |
_a211पृ0 _ccm. |
||
| 942 |
_hP1520aW94, 152P2;P8 _cTB _2CC |
||
| 999 |
_c891669 _d891669 |
||